| 000 | 005230000a22001930004500 | ||
|---|---|---|---|
| 001 | 002509 | ||
| 003 | MACL | ||
| 005 | 20150705123945.0 | ||
| 008 | 150705b xxu||||| |||| 00| 0 eng d | ||
| 040 |
_aMACL _cMACL |
||
| 041 | _aEnglish | ||
| 082 | _a303.62/GOS | ||
| 100 |
_aGoswami, Arjun _9761 |
||
| 245 |
_aDialogue on Terrorism _bNetaji Subhash Chandra And The Swarajist In Perspective _cArjun Goswami |
||
| 260 |
_aKolkata _c2007 _bRachayita, |
||
| 350 | _a200 | ||
| 650 |
_aSocial Science _929 |
||
| 942 |
_k304 _cBK _2ddc |
||
| 999 |
_c14420 _d14420 |
||